Представление документа в формате MARC21

Поле Инд. ПП Название Значение
Тип записи a
Библиографический уровень b
001 Контрольный номер RU/IS/BASE/231936210
005 Дата корректировки 20240403142830.8
008 Кодируемые данные 20070508
040 b Код языка каталог. rus
e Правила каталог. PSBO
041 0_ a Код языка текста rus
084 a Индекс другой классификации/Индекс ББК 67.00; 67.1(2)5; 87.3(2)522-538
100 1_ a Автор Кацапова И. А.
245 10 a Заглавие Идея национального и универсального в русской философии права: Б. Н. Чичерин и П. И. Новгородцев
504 a Библиография Библиогр. - Примеч.: с. 142 - 143
520 0_ a Аннотация В статье рассматриваются особенности русской философии права, ее связь с религиозной традицией. Размышления на тему отношений морали и права, с одной стороны, оказывались в контексте христианской аксиологии, а с другой, новая аксиология личности и ее неотъемлемых прав, выработанная Европой, не нашла достаточных оснований в России. Эта ситуация и стала определяющей сложного переплетения общеевропейского и национального элементов в русской духовной культуре. Как следствие этого русская философия права развивалась в направлении синтезированного проекта философии "бытия, веры и нравственности" и заявила себя как особая философия ценностей
600 14 a Персоналии Чичерин Борис Николаевич
a Персоналии Новгородцев Павел Иванович
650 04 a Основная рубрика история правовых учений
a Основная рубрика история философии
a Основная рубрика право
a Основная рубрика философия
a Основная рубрика философия права
653 0_ a Ключевые слова XIX век
a Ключевые слова XX век
a Ключевые слова государство
a Ключевые слова народность
a Ключевые слова национальная идея
a Ключевые слова нравственный идеализм
a Ключевые слова общественный идеал
a Ключевые слова религиозно-нравственная проблематика
a Ключевые слова религия
a Ключевые слова Россия
a Ключевые слова свобода личности
a Ключевые слова социальная философия
773 0_ t Заглавие источника Вопросы философии
d Дата издания источника 2007
g Прочая информация № 4. - С. 132 - 143
w Контрольный № источника RU/IS/BASE/230823453
901 t Тип документа b